Những trang đời yêu thương

সংরক্ষণ করুন:
গ্রন্থ-পঞ্জীর বিবরন
প্রধান লেখক: Viết Phụng (Biên tập)
বিন্যাস: গ্রন্থ
প্রকাশিত: Tp. Hồ Chí Minh Sài gòn 2006
বিষয়গুলি:
ট্যাগগুলো: ট্যাগ যুক্ত করুন
কোনো ট্যাগ নেই, প্রথমজন হিসাবে ট্যাগ করুন!
Thư viện lưu trữ: Trung tâm Học liệu Lê Vũ Hùng, Trường Đại học Đồng Tháp
LEADER 00774pam a22002418a 4500
001 00043261
005 20181119091125.0
008 110318s1997 ||||||Viesd
020 # # |c 18000 
041 0 # |a Vie 
082 1 4 |a 158.1  |b NH556TR 
100 1 # |a Viết Phụng  |e Biên tập 
245 0 0 |c Viết Phụng  |a Những trang đời yêu thương 
260 # # |a Tp. Hồ Chí Minh  |b Sài gòn  |c 2006 
300 # # |a 160 tr.  |c 21 cm. 
500 # # |a ĐTTS ghi: Suối nguồn yêu thương 
653 # # |a Cuộc sống 
653 # # |a Hạnh phúc 
653 # # |a Thành công 
653 # # |a Tâm lí ứng dụng 
852 # # |j KD.0025052 
910 0 # |d 19/11/2018 
980 # # |a Trung tâm Học liệu Lê Vũ Hùng, Trường Đại học Đồng Tháp